Les produits de la récolte (notice nᵒ 25121)
[ vue normale ]
| 000 -LEADER | |
|---|---|
| fixed length control field | 00590nam a2200193Ia 4500 |
| 005 - DATE AND TIME OF LATEST TRANSACTION | |
| control field | 20170703055945.0 |
| 020 ## - ISBN | |
| ISBN | 978-2-84444-784-5 |
| 037 ## - SOURCE D'ACQUISITION | |
| Cote | BC_691 86$BC_700 91 |
| Forme de support | Broché |
| 040 ## - SOURCE DU CATALOGAGE | |
| Origine cataloguage | BC-ENSA |
| Langue du catalogage | fre |
| 041 ## - CODE DE LANGUE | |
| Langue | Français |
| 100 ## - VEDETTE PRINCIPALE - AUTEUR PRINCIPAL | |
| Auteur | PANNETIER, Pascale |
| 245 ## - MENTION DU TITRE | |
| Titre | Les produits de la récolte |
| Complément de titre | de l'arbre à la planche |
| 260 ## - PUBLICATION, DIFFUSION, ETC. (ADRESSE BIBLIOGRAPHIQUE) | |
| Lieu d'édition | Dijon |
| Nom de l'éditeur | Educagri éditions |
| Année d'édition | 2010 |
| 300 ## - DESCRIPTION MATÉRIELLE | |
| Nombre de pages | 131 p. |
| Illustration | ill. |
| Format | 21 cm |
| 562 ## - NOTE D'IDENTIFICATION DES EXEMPLAIRES ET VERSIONS | |
| Numbre d' exemplaire | 02 exemplaires |
| 942 ## - ADDED ENTRY ELEMENTS (KOHA) | |
| Type document | Ouvrage |
| 490 ## - MENTION DE COLLECTION | |
| Titre Collection | L'exploitation forestière |
| 653 ## - DESCRIPTEUR LIBRE | |
| Mots clés libres | EXPLOITATION AGRICOLE/FORESTERIE/FORET/ARBRE/BOIS DEBITE/PRODUIT FORESTIER/RECOLTE |
| statut de retrait | Statut | emplacement permanent | Localisation actuelle | Cote | code à barre | Koha type d'élément |
|---|---|---|---|---|---|---|
| Bibliothèque Centrale | Bibliothèque Centrale | BC_691 86 | BC_691 86 | Ouvrage | ||
| Bibliothèque Centrale | Bibliothèque Centrale | BC_700 91 | BC_700 91 | Ouvrage |